| 000 | 00761nam a2200241 i 4500 | ||
|---|---|---|---|
| 001 | bg | ||
| 100 | 1 | _aKRZYŻAK, Adam | |
| 245 | 1 | 0 |
_aMetody nieparametryczne w przetwarzaniu sygnałów i w sieciach neuronowych / _cAdam Krzyżak. |
| 260 |
_aWarszawa : _bOficyna Wydawnicza PW, _c1998. |
||
| 300 |
_a80, [1] s. ; _c24 cm. |
||
| 490 | 1 |
_aPrace Naukowe. Elektryka, _x0137-2319 ; _vz.111 |
|
| 500 | _aStreszcz ang. | ||
| 504 | _aBibliogr. i wykaz publikacji aut. s.71-80. | ||
| 650 | 9 | _aTeoria sygnałów | |
| 650 | 9 | _aSieci neuronowe | |
| 650 | 9 | _aRozpoznawanie obrazów | |
| 830 | 0 |
_aPrace Naukowe. _pElektryka |
|
| 040 | _cBPK | ||
| 041 | 0 |
_apl _ben |
|
| 080 | _a621.391:004.032.26:004.93 | ||
| 942 | _cKS | ||
| 008 | s pl f |000 0 pol | ||
| 999 |
_c37927 _d37927 |
||
| 856 |
_uhttp://koha.tu.koszalin.pl/cgi-bin/koha/opac-detail.pl?biblionumber=37927 _yKatalog online BPK |
||